000 00562nam a2200193 a 4500
001 000029737
005 20200930055752.0
008 110425s2004 dr 000 0 spa d
020 _a9993433772
040 _aDO-SdBNP
_bspa
_cBNPHU
082 _axxx
_bR763e
100 1 _aRomero, Chet
_956521
245 1 0 _aEnsaladas fáciles y prácticas :
_brecetas deliciosas y económicas /
_cChet Romero.
260 _aSanto Domingo :
_bEditorial Fénix,
_c2004.
300 _a55 p. ;
_c21 cm.
490 1 _aSalud y vida
830 0 _aSalud y vida
_922156
049 _aBNPD
999 _c29229
_d29229